| 000 | 00624nam a2200217Ia 4500 | ||
|---|---|---|---|
| 003 | GCL | ||
| 005 | 20240530110857.0 | ||
| 008 | 140319s2003 xxua 000 0 eng d | ||
| 020 | _a0782141307 | ||
| 040 |
_aGCL / _cGCL |
||
| 082 | 0 | 4 |
_a005.4 _bM W |
| 100 | 1 | _aMinasi, Mark | |
| 245 | 1 | 0 |
_aMASTERING WINDOWS SERVER 2003 / _cMark Minasi, Christa Anderson, Michele Beveridge |
| 260 |
_aSan Francisco : _bSYBEX، _c2003. |
||
| 300 |
_a1753 P : _bill ; _c24 cm. |
||
| 650 | 0 | 4 | _aCOMPUTER GRAPHICS |
| 650 | 0 | 4 | _a ELECTIONC COMPUTER SYSTEM |
| 700 | 1 | _aAnderson,Christa | |
| 700 | 1 | _aBeveridge, Michele | |
| 942 |
_2ddc _cBK |
||
| 999 |
_c66065 _d66065 |
||